00459nam a2200169Ia 450000500170000000800410001704000190005804100120007708200210008924500570011026000400016730000110020750400180021865000190023670000240025585000100027920230324095959.0131103s9999 xx 000 0 und d aLoreto College aEnglish a891.441bRAM-HAL aShib Samkirtan Ba ShibayancEdited by Yogiial Halder aCalcuttabCalcutta Universityc1957 a355p.  aIncluds index aBengali poetry aHalder, Yogiial ed. aLCLIB